French Colonies Revenues - Part I North African Colonies (Record no. 3615)

000 -LEADER
fixed length control field 00373nam a22000977a 4500
008 - FIXED-LENGTH DATA ELEMENTS--GENERAL INFORMATION
fixed length control field 240926b ||||| |||| 00| 0 eng d
100 ## - MAIN ENTRY--AUTHOR'S NAME
Author's Name Duston, Donald L
245 ## - TITLE STATEMENT
Title French Colonies Revenues - Part I North African Colonies
Remainder of title (and former colonies now independent)
260 ## - PUBLICATION, DISTRIBUTION, ETC. (IMPRINT)
Name of publisher, distributor, etc. The American Revenue Association
650 ## - TOPICAL TERM (Tag)
Topical term or geographic name Revenues|Algeria|Morocco|Tangier|Tunisia|Spanish Moroco
Holdings
Withdrawn status Lost status Source of classification or shelving scheme Damaged status Koha normalized classification for sorting Not for loan Permanent Location Current Location Shelving location Date acquired Total Checkouts Full call number Barcode Date last seen Price effective from Koha item type
        G8210 R451 D974   Northern Philatelic Library Northern Philatelic Library General Stacks 09/26/2024   G8210 R451 D974 1006507 09/26/2024 09/26/2024 Stamp Catalogs

Powered by Koha